[Event "ICS rated bullet match"]
[Site "204.178.125.65"]
[Date "1999.10.25"]
[Round "?"]
[White "kyrios"]
[Black "Hossa"]
[Result "0-1"]
[WhiteElo "1777"]
[BlackElo "2369"]
[PlyCount "56"]
[EventDate "1999.??.??"]

1. d4 e6 2. Nf3 Nf6 3. c4 d5 4. Nc3 Bb4 5. e3 Ne4 6. Qc2 c5 7. Bd3 cxd4 8. exd4
Nf6 9. O-O dxc4 10. Bxc4 Nc6 11. Bg5 O-O 12. Rfe1 Nxd4 13. Nxd4 Qxd4 14. Bd3 h6
15. Be3 Qh4 16. Rad1 e5 17. g3 Qh3 18. Bf1 Qh5 19. Nd5 Nxd5 20. Rxd5 Bxe1 21.
Be2 Bg4 22. Bf1 Rfc8 23. Qd1 Bxd1 24. Rd3 Rc2 25. Kg2 Qf3+ 26. Kg1 Bxf2+ 27.
Bxf2 Qxf2+ 28. Kh1 28... Qxf1# {kyrios checkmated} 0-1

[Event "ICS rated blitz match"]
[Site "204.178.125.65"]
[Date "1999.10.25"]
[Round "?"]
[White "apatrid"]
[Black "Hossa"]
[Result "0-1"]
[WhiteElo "2257"]
[BlackElo "2446"]
[PlyCount "92"]
[EventDate "1999.??.??"]

1. d4 e6 2. Nf3 Nf6 3. c4 d5 4. Nc3 Bb4 5. cxd5 exd5 6. Qa4+ Nc6 7. Ne5 Bd7 8.
Nxc6 Bxc3+ 9. bxc3 bxc6 10. Qc2 O-O 11. e3 Ne4 12. Bd3 Re8 13. O-O Qh4 14. c4
dxc4 15. Bxc4 Rab8 16. Bd3 Nf6 17. f3 Nd5 18. e4 Nb4 19. Qe2 c5 20. Rd1 Nxd3
21. Qxd3 Ba4 22. g3 Qh5 23. Rf1 Bb5 24. Qe3 Bxf1 25. Kxf1 cxd4 26. Qf2 Qh3+ 27.
Qg2 Qxg2+ 28. Kxg2 c5 29. Bf4 Rb2+ 30. Kh3 Rc8 31. Rc1 Rxa2 32. Bd6 c4 33. e5
c3 34. Bb4 Ra4 35. Bd6 d3 36. e6 d2 37. Rd1 c2 38. exf7+ Kxf7 39. Rxd2 c1=Q 40.
Rf2 Qh6+ 41. Kg2 Qxd6 42. h4 Rc3 43. Kg1 Qxg3+ 44. Kf1 Ra1+ 45. Ke2 Qe5+ 46.
Kd2 46... Qe3# {apatrid checkmated} 0-1

[Event "ICS rated blitz match"]
[Site "204.178.125.65"]
[Date "1999.10.25"]
[Round "?"]
[White "apatrid"]
[Black "Hossa"]
[Result "0-1"]
[WhiteElo "2241"]
[BlackElo "2462"]
[PlyCount "62"]
[EventDate "1999.??.??"]

1. e4 e5 2. Nf3 Nf6 3. Nxe5 d6 4. Nf3 Nxe4 5. Nc3 Nf6 6. d4 Nbd7 7. Bd3 Be7 8.
O-O O-O 9. Ne4 Nxe4 10. Bxe4 Re8 11. c3 c5 12. Bc2 d5 13. Bf4 Nb6 14. dxc5 Bxc5
15. Qd3 g6 16. Rfe1 Bf5 17. Qd1 Rxe1+ 18. Nxe1 Qh4 19. Bg3 Bxc2 20. Qxc2 Qe4
21. Qxe4 dxe4 22. Rd1 Rc8 23. b3 e3 24. c4 e2 25. Rc1 Re8 26. Bf4 Kg7 27. Nd3
Bd4 28. Bd2 Rd8 29. Be1 Bf6 30. Nf4 Bg5 31. g3 31... Rd1 {apatrid resigns} 0-1

[Event "ICS rated blitz match"]
[Site "204.178.125.65"]
[Date "1999.10.25"]
[Round "?"]
[White "Hossa"]
[Black "Talmoves"]
[Result "1/2-1/2"]
[WhiteElo "2469"]
[BlackElo "2671"]
[PlyCount "133"]
[EventDate "1999.??.??"]

1. e4 e5 2. Bc4 Nf6 3. d3 c6 4. Nf3 d5 5. Bb3 Bd6 6. Bg5 dxe4 7. dxe4 h6 8. Bh4
Qe7 9. Nbd2 Bc7 10. O-O O-O 11. Qe2 Be6 12. Bxe6 Qxe6 13. Bxf6 Qxf6 14. Nc4 Nd7
15. Rad1 Qe6 16. a3 Nc5 17. b4 Na4 18. Qd3 b5 19. Qd7 Nc3 20. Qxe6 fxe6 21. Rd7
Bb6 22. Ncxe5 Nxe4 23. Nxc6 Rf7 24. Rxf7 Kxf7 25. Nfe5+ Ke8 26. c4 bxc4 27.
Nxc4 Rc8 28. N4e5 a6 29. a4 Nc3 30. Ra1 Ne4 31. Ra2 Bc7 32. h4 Bd6 33. f3 Bxe5
34. Nxe5 Rc1+ 35. Kh2 Nc3 36. Ra3 Rc2 37. Rb3 Ne2 38. b5 axb5 39. Rxb5 Nf4 40.
Kg3 g5 41. hxg5 hxg5 42. Rb8+ Ke7 43. Rb7+ Ke8 44. Kh2 Rxg2+ 45. Kh1 Ra2 46.
Ra7 Ra1+ 47. Kh2 Ra2+ 48. Kg1 Ne2+ 49. Kg2 Nc3+ 50. Kg3 Rxa4 51. Rxa4 Nxa4 52.
Kg4 Nc3 53. Kxg5 Nd5 54. Kg4 Ke7 55. Kh5 Kf6 56. Nd3 Kf5 57. Kh4 Nf4 58. Nc5 e5
59. Kg3 Nd5 60. Kf2 Nb4 61. Ne4 Kf4 62. Nf6 Nd3+ 63. Ke2 Nc1+ 64. Kf2 Nd3+ 65.
Ke2 Nc1+ 66. Kf2 Nd3+ 67. Ke2 {Game drawn by repetition} 1/2-1/2

[Event "ICS rated blitz match"]
[Site "204.178.125.65"]
[Date "1999.10.25"]
[Round "?"]
[White "Talmoves"]
[Black "Hossa"]
[Result "1-0"]
[WhiteElo "2663"]
[BlackElo "2477"]
[PlyCount "171"]
[EventDate "1999.??.??"]

1. e4 e5 2. Nf3 Nf6 3. Nxe5 d6 4. Nf3 Nxe4 5. d4 d5 6. Bd3 Be7 7. O-O Nc6 8.
Re1 Bg4 9. c4 Nf6 10. cxd5 Bxf3 11. Qxf3 Qxd5 12. Qxd5 Nxd5 13. Nc3 O-O-O 14.
Be4 Bb4 15. Bd2 Nde7 16. a3 Rxd4 17. axb4 Rxd2 18. b5 Nd8 19. Rxa7 Kb8 20. Rea1
c6 21. bxc6 Nexc6 22. Bxc6 bxc6 23. Ra8+ Kb7 24. R1a7+ Kb6 25. Re7 Rd4 26. b3
Kc5 27. Ne4+ Rxe4 28. Rxe4 Kd6 29. Kf1 f5 30. Rd4+ Kc7 31. Ra7+ Nb7 32. Rb4 Rb8
33. Rh4 h6 34. Rha4 g5 35. f3 Kb6 36. R4a6+ Kb5 37. Ra2 Nc5 38. Rh7 Nxb3 39.
Rxh6 c5 40. Rg6 Kc4 41. Rxg5 Nd4 42. Kf2 Rh8 43. h3 Kb3 44. Ra5 Kb4 45. Ra7 c4
46. Ke3 Kc3 47. Ra3+ Kb4 48. Kxd4 Rd8+ 49. Ke3 f4+ 50. Kxf4 Kxa3 51. Rc5 Kb4
52. Rc7 Rf8+ 53. Ke3 Re8+ 54. Kd4 Rd8+ 55. Ke4 Kc3 56. g3 Kb4 57. h4 Kb3 58.
Rb7+ Kc2 59. g4 Kd2 60. Rb2+ Kc3 61. Rh2 Kb4 62. h5 Kc3 63. g5 Kb3 64. h6 c3
65. g6 c2 66. Rxc2 Re8+ 67. Kf5 Rf8+ 68. Kg5 Kxc2 69. h7 Rd8 70. g7 Rd5+ 71.
Kf4 Rd4+ 72. Ke5 Rb4 73. h8=Q Rb5+ 74. Kf6 Rb6+ 75. Kf7 Rb7+ 76. Kg6 Rb1 77.
g8=Q Rb6+ 78. Kh5 Rb5+ 79. Kg4 Rb4+ 80. Kh3 Ra4 81. Qg2+ Kd3 82. Qhb2 Rh4+ 83.
Kxh4 Kc4 84. Qge2+ Kc5 85. Qee5+ Kc4 86. Qbc3# {Hossa checkmated} 1-0

[Event "ICS rated bullet match"]
[Site "204.178.125.65"]
[Date "1999.10.25"]
[Round "?"]
[White "Hossa"]
[Black "HIG"]
[Result "1-0"]
[WhiteElo "2372"]
[BlackElo "1398"]
[PlyCount "61"]
[EventDate "1999.??.??"]

1. e4 e5 2. Bc4 Nc6 3. Nf3 Nf6 4. d3 Bc5 5. Nc3 O-O 6. Nd5 Nxd5 7. Bxd5 d6 8.
Bg5 Qe8 9. O-O Be6 10. c3 Bxd5 11. exd5 Ne7 12. Bxe7 Qxe7 13. Re1 Qd7 14. Qd2
Rae8 15. Rac1 f5 16. b4 Bb6 17. d4 e4 18. Ng5 h6 19. Ne6 Rxe6 20. dxe6 Qxe6 21.
d5 Qg6 22. Qf4 Qf6 23. a4 a5 24. b5 g5 25. Qd2 Qg6 26. Qc2 Re8 27. Qe2 f4 28.
Qc2 e3 29. Qxg6+ Kf8 30. Qxh6+ Kg8 31. Qxg5+ {HIG resigns} 1-0

[Event "ICS rated blitz match"]
[Site "204.178.125.65"]
[Date "1999.10.25"]
[Round "?"]
[White "Hossa"]
[Black "lakerda"]
[Result "1-0"]
[WhiteElo "2469"]
[BlackElo "2267"]
[PlyCount "89"]
[EventDate "1999.??.??"]

1. e4 g6 2. d4 Bg7 3. Nf3 d6 4. Bc4 Nf6 5. Nc3 O-O 6. O-O Nbd7 7. Bg5 e5 8. Nd5
c6 9. Nxf6+ Bxf6 10. Bh6 Re8 11. d5 c5 12. Qe2 a6 13. Bd3 b5 14. c4 b4 15. a3
bxa3 16. Rxa3 Rb8 17. Ra2 Bg7 18. Qe3 Nf6 19. Bxg7 Kxg7 20. Qd2 Qb6 21. Rb1 Qb4
22. Qc1 Re7 23. Ra3 a5 24. Ne1 Ra7 25. Nc2 Qb6 26. f4 exf4 27. Qxf4 Ng4 28. Na1
Ne5 29. Be2 Qc7 30. Nb3 a4 31. Nd2 Qe7 32. b3 Rb4 33. Rba1 Bd7 34. Rf1 Rab7 35.
bxa4 Rxa4 36. Rxa4 Bxa4 37. Ra1 Bc2 38. Ra2 Bb3 39. Ra3 Bc2 40. Rh3 h5 41. Ra3
Qf6 42. Qe3 Ng4 43. Bxg4 hxg4 44. Ra2 Rb4 45. Rxc2 {lakerda resigns} 1-0

[Event "ICS rated blitz match"]
[Site "204.178.125.65"]
[Date "1999.10.25"]
[Round "?"]
[White "lakerda"]
[Black "Hossa"]
[Result "0-1"]
[WhiteElo "2259"]
[BlackElo "2477"]
[PlyCount "82"]
[EventDate "1999.??.??"]

1. d4 e6 2. e3 Nf6 3. Bd3 d5 4. Nd2 c5 5. c3 Nc6 6. f4 Bd6 7. a3 Bd7 8. Ngf3
Ng4 9. Qe2 cxd4 10. cxd4 Nf6 11. O-O O-O 12. Ne5 Rc8 13. g4 g6 14. g5 Ne8 15.
Rf3 Nc7 16. Rh3 Nxe5 17. dxe5 Bc5 18. Nf3 Na6 19. Nd4 Nb8 20. Bd2 Nc6 21. Bc3
Qe7 22. Qf2 Kg7 23. Rh6 Rfe8 24. Kh1 Nxd4 25. exd4 Bb6 26. Rg1 Qf8 27. Rg3 Rxc3
28. bxc3 Qxa3 29. Rgh3 Rh8 30. Qc2 Ba5 31. c4 Bc6 32. Bxg6 Qa1+ 33. Kg2 fxg6
34. c5 Qxd4 35. Rxg6+ hxg6 36. Rxh8 Kxh8 37. Qxg6 Qd2+ 38. Kg3 Qe3+ 39. Kg4
Qe2+ 40. Kg3 Be1+ 41. Kh3 41... Qf3# {lakerda checkmated} 0-1

[Event "ICS Rated blitz match"]
[Site "204.178.125.65"]
[Date "1999.10.25"]
[Round "?"]
[White "TheBad"]
[Black "Hossa"]
[Result "0-1"]
[WhiteElo "2126"]
[BlackElo "2484"]
[PlyCount "114"]
[EventDate "1999.??.??"]

1. Nf3 d5 2. d4 c6 3. c4 Nf6 4. Nc3 dxc4 5. a4 Nd5 6. e4 Nxc3 7. bxc3 b5 8. Bf4
Bg4 9. Be2 Nd7 10. O-O e6 11. d5 cxd5 12. exd5 Nc5 13. axb5 Qxd5 14. b6 a6 15.
h3 Bh5 16. Ra5 Rd8 17. Bc7 Qxd1 18. Bxd1 Rd7 19. Be2 Bg6 20. Bxc4 Bd3 21. Bxd3
Rxd3 22. Rxc5 Bxc5 23. b7 Ba7 24. b8=Q+ Bxb8 25. Bxb8 Rxc3 26. Ra1 O-O 27. Be5
Rc6 28. Nd4 Rb6 29. Bc7 Rb7 30. Ba5 Rc8 31. Nf3 f6 32. Nd4 Kf7 33. Re1 e5 34.
Nf5 Rd7 35. Ra1 Rc6 36. Bd2 Rxd2 37. Ne3 h5 38. h4 Ke6 39. g3 f5 40. Kg2 Rb2
41. Ra4 Rb5 42. Nc4 Kf6 43. Ne3 a5 44. Ra2 Rc3 45. Nd1 Rcc5 46. Ne3 Ke6 47. Rd2
a4 48. Rd8 g6 49. Re8+ Kf6 50. Rf8+ Kg7 51. Re8 a3 52. Ra8 Ra5 53. Rd8 a2 54.
Rd7+ Kf6 55. Rd6+ Ke7 56. Rd1 a1=Q 57. Rxa1 57... Rxa1 {TheBad resigns} 0-1

[Event "ICS Rated blitz match"]
[Site "204.178.125.65"]
[Date "1999.10.25"]
[Round "?"]
[White "Hossa"]
[Black "TheBad"]
[Result "0-1"]
[WhiteElo "2488"]
[BlackElo "2122"]
[PlyCount "128"]
[EventDate "1999.??.??"]

1. e4 c5 2. Nf3 e6 3. d4 cxd4 4. Nxd4 Nc6 5. Nb5 d6 6. Bf4 e5 7. Bg5 f6 8. Be3
f5 9. Bg5 Be7 10. Bxe7 Kxe7 11. Bd3 fxe4 12. Bxe4 Nf6 13. N1c3 a6 14. Na3 Nxe4
15. Nxe4 d5 16. Nc3 Be6 17. O-O b5 18. Nab1 Rc8 19. f4 exf4 20. Rxf4 Qb6+ 21.
Kh1 Rhf8 22. Qe2 Kd7 23. Rxf8 Rxf8 24. Na3 b4 25. Re1 Rf6 26. Nxd5 Bxd5 27.
Qg4+ Kd8 28. Rd1 Ne7 29. Nc4 Qf2 30. h3 Rg6 31. Qe4 Qf1+ 32. Rxf1 Bxe4 33. Rf8+
Kc7 34. Rf7 Kd7 35. Ne5+ Ke6 36. Nxg6 Kxf7 37. Nxe7 Kxe7 38. c3 bxc3 39. bxc3
Kd6 40. Kh2 Kc5 41. h4 Kc4 42. g4 Kxc3 43. g5 a5 44. Kg3 a4 45. Kf4 Bb1 46. a3
Kb3 47. Kg3 Kxa3 48. h5 Kb2 49. Kf4 a3 50. Ke5 a2 51. Kf4 a1=Q 52. Ke5 Qa5+ 53.
Kd6 Qxg5 54. h6 gxh6 55. Ke6 Qf5+ 56. Kd6 h5 57. Ke7 Qg6 58. Kd7 Qf6 59. Ke8
Qg7 60. Kd8 h4 61. Kc8 h3 62. Kd8 h2 63. Ke8 h1=Q 64. Kd8 64... Qa8# {
Hossa checkmated} 0-1

[Event "ICS rated blitz match"]
[Site "204.178.125.65"]
[Date "1999.10.25"]
[Round "?"]
[White "harald"]
[Black "Hossa"]
[Result "0-1"]
[WhiteElo "2202"]
[BlackElo "2465"]
[PlyCount "39"]
[EventDate "1999.??.??"]

1. e4 e5 2. Nf3 Nf6 3. Nc3 Nc6 4. Bb5 Bb4 5. O-O O-O 6. Bxc6 dxc6 7. d3 Bg4 8.
h3 Bxf3 9. Qxf3 Qd6 10. Ne2 Bc5 11. Ng3 Nd7 12. Kh1 Rad8 13. Nf5 Qg6 14. Be3
Rfe8 15. Bxc5 Nxc5 16. Qg3 Qf6 17. Ne3 Re7 18. b3 Rde8 19. f4 exf4 20. Rxf4 {
harald resigns} 0-1

[Event "ICS rated blitz match"]
[Site "204.178.125.65"]
[Date "1999.10.25"]
[Round "?"]
[White "Hossa"]
[Black "harald"]
[Result "1-0"]
[WhiteElo "2471"]
[BlackElo "2196"]
[PlyCount "52"]
[EventDate "1999.??.??"]

1. e4 Nf6 2. e5 Nd5 3. d4 d6 4. Nf3 Bg4 5. c4 Nb6 6. exd6 cxd6 7. Be2 g6 8. O-O
Bg7 9. h3 Bxf3 10. Bxf3 Nc6 11. Na3 O-O 12. Be3 e5 13. dxe5 dxe5 14. c5 Nd7 15.
Bxc6 bxc6 16. Qd6 Rc8 17. Nc4 Nb8 18. Rad1 Qxd6 19. cxd6 Nd7 20. Rfe1 a6 21.
Nb6 Rcd8 22. Rc1 e4 23. Nxd7 Rxd7 24. Rxc6 Bxb2 25. Bf4 a5 26. Rxe4 26... Bc3 {
harald resigns} 1-0

[Event "ICS rated blitz match"]
[Site "204.178.125.65"]
[Date "1999.10.25"]
[Round "?"]
[White "WhiteCastles"]
[Black "Hossa"]
[Result "1-0"]
[WhiteElo "2291"]
[BlackElo "2476"]
[PlyCount "54"]
[EventDate "1999.??.??"]

1. e4 e5 2. Nf3 Nf6 3. d4 exd4 4. e5 Ne4 5. Qxd4 d5 6. exd6 Nxd6 7. Nc3 Nc6 8.
Qf4 g6 9. Be3 Bg7 10. O-O-O Bxc3 11. bxc3 Be6 12. Bb5 f6 13. Nd4 Bd5 14. c4
Bxg2 15. Rhe1 Kf7 16. Bxc6 bxc6 17. Ne6 Qb8 18. Bd4 Nf5 19. Bxf6 Rf8 20. Ba1
Kg8 21. Qe5 Qb1+ 22. Kxb1 Rfb8+ 23. Kc1 Rb1+ 24. Kxb1 Rb8+ 25. Kc1 g5 26. Qh8+
Kf7 27. Qxh7+ 27... Ng7 {Hossa resigns} 1-0

[Event "ICS rated blitz match"]
[Site "204.178.125.65"]
[Date "1999.10.25"]
[Round "?"]
[White "Hossa"]
[Black "WhiteCastles"]
[Result "0-1"]
[WhiteElo "2470"]
[BlackElo "2388"]
[PlyCount "143"]
[EventDate "1999.??.??"]

1. e4 c5 2. Nf3 d6 3. d4 cxd4 4. Nxd4 Nf6 5. Nc3 Nc6 6. Bg5 e6 7. Bb5 Bd7 8.
O-O Be7 9. Nf3 O-O 10. Bxf6 gxf6 11. Nd2 a6 12. Bd3 Ne5 13. Qh5 Rc8 14. Rad1
Nxd3 15. cxd3 b5 16. Rc1 Rc5 17. Qh6 b4 18. Ncb1 d5 19. Rxc5 Bxc5 20. exd5 exd5
21. Nb3 Bb6 22. d4 Re8 23. Rc1 Re2 24. N1d2 Qe7 25. Qf4 a5 26. Qg3+ Kh8 27.
Qb8+ Qd8 28. Qf4 Bb5 29. Qh6 a4 30. Nc5 Qe7 31. g4 Ba7 32. Kg2 Kg8 33. b3 a3
34. Qf4 Bb6 35. Rc2 Bc7 36. Qf5 Qd6 37. Nf3 Rxc2 38. Qxc2 Qf4 39. h3 Bd6 40.
Qd2 Bf1+ 41. Kxf1 Qxf3 42. Qd3 Qxd3+ 43. Nxd3 Kg7 44. Ne1 f5 45. Ng2 fxg4 46.
hxg4 Kf6 47. f3 Ke6 48. Ne3 h6 49. Nf5 Bf4 50. Kf2 Kf6 51. Kg1 h5 52. Kg2 Kg5
53. Kh3 Bd2 54. Ne7 hxg4+ 55. fxg4 Kf4 56. Nxd5+ Ke4 57. Nb6 Kxd4 58. Kg2 Kc3
59. Nc4 Kc2 60. Nxd2 Kxd2 61. Kf3 Kc3 62. Ke4 Kb2 63. Kd5 Kxa2 64. Kc4 Kb2 65.
Kxb4 a2 66. Kc4 a1=Q 67. b4 Qc1+ 68. Kd5 Kb3 69. b5 Qd1+ 70. Kc6 Qxg4 71. Kc5
Qc4+ 72. Kd6 {Hossa resigns} 0-1

[Event "ICS rated blitz match"]
[Site "204.178.125.65"]
[Date "1999.10.25"]
[Round "?"]
[White "Hossa"]
[Black "WhiteCastles"]
[Result "1/2-1/2"]
[WhiteElo "2459"]
[BlackElo "2506"]
[PlyCount "131"]
[EventDate "1999.??.??"]

1. e4 c5 2. Nf3 d6 3. d4 cxd4 4. Nxd4 Nf6 5. Nc3 Nc6 6. Bg5 e6 7. Bb5 Bd7 8.
O-O Be7 9. Nf3 O-O 10. Bxf6 gxf6 11. Nd2 a6 12. Bd3 Ne5 13. Qh5 Rc8 14. Rad1
Nxd3 15. cxd3 b5 16. Rc1 Rc5 17. Qh6 b4 18. Ncb1 d5 19. Rxc5 Bxc5 20. exd5 exd5
21. Nb3 Bb6 22. d4 Re8 23. Rc1 Re2 24. N1d2 Qe7 25. Qf4 a5 26. Qg3+ Kh8 27.
Qb8+ Qd8 28. Qf4 Bb5 29. Qh6 a4 30. Nc5 Qe7 31. g4 Ba7 32. Kg2 Kg8 33. b3 a3
34. Qf4 Bb6 35. Rc2 Bc7 36. Qf5 Qd6 37. Nf3 Rxc2 38. Qxc2 Qf4 39. h3 Bd6 40.
Qd2 Bf1+ 41. Kxf1 Qxf3 42. Qd3 Qxd3+ 43. Nxd3 Kg7 44. Ne1 f5 45. Ng2 fxg4 46.
hxg4 Kf6 47. Ne3 Ke6 48. Ke2 Bc7 49. Kd3 Bf4 50. Ng2 Bc1 51. Ne3 Bxe3 52. Kxe3
Kf6 53. Kf4 h6 54. f3 Ke6 55. Kg3 Kf6 56. Kh4 Kg6 57. f4 f5 58. g5 hxg5+ 59.
fxg5 f4 60. Kg4 f3 61. Kxf3 Kxg5 62. Kg3 Kf5 63. Kf3 Kg5 64. Kg3 Kf5 65. Kf3
Kg5 66. Kg3 {Game drawn by repetition} 1/2-1/2

[Event "ICS rated blitz match"]
[Site "204.178.125.65"]
[Date "1999.10.25"]
[Round "?"]
[White "MissSilicon"]
[Black "Hossa"]
[Result "1-0"]
[WhiteElo "2652"]
[BlackElo "2460"]
[PlyCount "106"]
[EventDate "1999.??.??"]

1. Nf3 d5 2. c4 d4 3. g3 Nc6 4. Qa4 Bd7 5. Bg2 e5 6. d3 Bc5 7. O-O Nf6 8. Bg5
h6 9. Bxf6 gxf6 10. Nbd2 Qe7 11. Ne4 O-O-O 12. Nxc5 Qxc5 13. Kh1 Rhg8 14. Qc2
Bg4 15. Qc1 Qf8 16. Re1 Nb4 17. a3 Nc6 18. e4 dxe3 19. Qxe3 Kb8 20. b4 Bf5 21.
Rad1 Bg4 22. Rd2 Qg7 23. h3 Bxf3 24. Qxf3 Qg5 25. Rde2 Qg6 26. Rd1 Rd4 27. b5
Na5 28. Re4 Rgd8 29. Rxd4 Rxd4 30. Qe2 Nb3 31. Be4 f5 32. Bd5 f6 33. Kh2 h5 34.
f4 h4 35. gxh4 Qh6 36. fxe5 Rxh4 37. exf6 Rxh3+ 38. Kg1 Qg6+ 39. Kf1 Rh8 40. f7
Rc8 41. Qe6 Qg7 42. d4 f4 43. Qh3 Na5 44. Re1 Nxc4 45. Qxc8+ Kxc8 46. Re8+ Kd7
47. Be6+ Kd6 48. Bxc4 c5 49. f8=Q+ Qxf8 50. Rxf8 cxd4 51. Rf5 f3 52. Kf2 Kc7
53. Kxf3 53... Kb6 {Hossa resigns} 1-0

[Event "ICS rated bullet match"]
[Site "204.178.125.65"]
[Date "1999.10.25"]
[Round "?"]
[White "LucaV"]
[Black "Hossa"]
[Result "0-1"]
[WhiteElo "964"]
[BlackElo "2372"]
[PlyCount "66"]
[EventDate "1999.??.??"]

1. d4 e6 2. e3 Nf6 3. Nc3 d5 4. Nf3 c5 5. Bd2 Nc6 6. Bb5 a6 7. Bxc6+ bxc6 8.
Ne5 Bb7 9. dxc5 Bxc5 10. O-O O-O 11. Na4 Bd6 12. Bc3 Qc7 13. a3 Bxe5 14. Bxe5
Qxe5 15. c3 Ne4 16. b4 Nxc3 17. Qc2 Nxa4 18. Qxa4 Qe4 19. h3 c5 20. bxc5 Qxa4
21. Rac1 Qxa3 22. c6 Bc8 23. c7 e5 24. f4 Qxe3+ 25. Kh2 exf4 26. h4 Qg3+ 27.
Kg1 Re8 28. Rce1 Rxe1 29. Rxe1 Qxe1+ 30. Kh2 h5 31. g3 fxg3+ 32. Kg2 Qf2+ 33.
Kh1 33... Qf1# {LucaV checkmated} 0-1

[Event "ICS rated blitz match"]
[Site "204.178.125.65"]
[Date "1999.10.25"]
[Round "?"]
[White "kjhamster"]
[Black "Hossa"]
[Result "0-1"]
[WhiteElo "2178"]
[BlackElo "2452"]
[PlyCount "50"]
[EventDate "1999.??.??"]

1. d4 e6 2. c4 Nf6 3. a3 d5 4. e3 Bd6 5. Nc3 c5 6. Nf3 Nc6 7. Bd3 O-O 8. O-O
Bd7 9. dxc5 Bxc5 10. b4 Bb6 11. cxd5 exd5 12. Na4 Bg4 13. Bb2 Ne4 14. Be2 Qd6
15. Rc1 Bc7 16. g3 Bh3 17. Re1 Rfe8 18. Nc5 Nxc5 19. Rxc5 Rad8 20. Nd4 Bb6 21.
Rc2 Nxd4 22. Bxd4 Bxd4 23. Qxd4 b6 24. Bf3 Qd7 25. Rd1 25... Qf5 {
kjhamster resigns} 0-1

[Event "ICS Rated blitz match"]
[Site "204.178.125.65"]
[Date "1999.10.25"]
[Round "?"]
[White "Hossa"]
[Black "ljb"]
[Result "1-0"]
[WhiteElo "2457"]
[BlackElo "2170"]
[PlyCount "73"]
[EventDate "1999.??.??"]

1. e4 e6 2. d3 c5 3. Nf3 g6 4. c4 Bg7 5. Nc3 Ne7 6. Be3 d6 7. Be2 O-O 8. Qd2
Nbc6 9. Bh6 Nd4 10. Nxd4 cxd4 11. Nb5 e5 12. Bxg7 Kxg7 13. Qb4 a6 14. Nxd6 Nc6
15. Qc5 Qf6 16. O-O Rd8 17. Nxc8 Raxc8 18. Qb6 Rd7 19. Bg4 Qe7 20. Bxd7 Qxd7
21. f4 Qe7 22. fxe5 Qxe5 23. Qxb7 Rc7 24. Qb6 a5 25. Rad1 Nb4 26. Rd2 Nxa2 27.
Ra1 Nb4 28. Rxa5 Qe7 29. Qxd4+ f6 30. Ra8 Nc6 31. Qf2 Ne5 32. b3 Ng4 33. Qf4
Qc5+ 34. d4 Qc6 35. Rd8 Nh6 36. Rd6 Qb7 37. Qxf6+ {ljb resigns} 1-0

[Event "ICS rated blitz match"]
[Site "204.178.125.65"]
[Date "1999.10.25"]
[Round "?"]
[White "Hossa"]
[Black "Icky"]
[Result "1-0"]
[WhiteElo "2469"]
[BlackElo "2220"]
[PlyCount "45"]
[EventDate "1999.??.??"]

1. e4 Nc6 2. d4 d5 3. Nc3 dxe4 4. d5 Ne5 5. Qd4 Ng6 6. Qxe4 Nf6 7. Qa4+ Bd7 8.
Bb5 a6 9. Bxd7+ Qxd7 10. Qxd7+ Kxd7 11. Nf3 h6 12. Be3 Rd8 13. O-O-O Kc8 14.
Rhe1 Ng4 15. Bd4 Re8 16. Re4 Nf6 17. Bxf6 gxf6 18. Nd4 Rg8 19. g4 Ne5 20. h3 h5
21. gxh5 Bh6+ 22. f4 Nc4 23. Nf5 {Icky resigns} 1-0

[Event "ICS rated blitz match"]
[Site "204.178.125.65"]
[Date "1999.10.25"]
[Round "?"]
[White "Hossa"]
[Black "Whizzo"]
[Result "0-1"]
[WhiteElo "2477"]
[BlackElo "2440"]
[PlyCount "63"]
[EventDate "1999.??.??"]

1. e4 d5 2. e5 c5 3. c3 Nc6 4. d4 cxd4 5. cxd4 Bf5 6. Nf3 f6 7. Bf4 g5 8. Bg3
g4 9. Nh4 Bxb1 10. Rxb1 Qa5+ 11. Ke2 Qxa2 12. exf6 Nxf6 13. Ke3 Bh6+ 14. Bf4
Bxf4+ 15. Kxf4 O-O 16. Ke3 e5 17. dxe5 d4+ 18. Kf4 Nxe5 19. f3 Qe6 20. Kg3 Nh5+
21. Kf2 gxf3 22. gxf3 Ng4+ 23. Kg1 Qe3+ 24. Kg2 Nf4+ 25. Kg3 Nf2 26. Qb3+ Qxb3
27. Kxf2 Qe3+ 28. Kg3 Kh8 29. Bh3 Rg8+ 30. Bg4 Rxg4+ 31. Kxg4 h5+ 32. Kg5 {
Hossa resigns} 0-1

[Event "ICS rated blitz match"]
[Site "204.178.125.65"]
[Date "1999.10.25"]
[Round "?"]
[White "Whizzo"]
[Black "Hossa"]
[Result "1-0"]
[WhiteElo "2458"]
[BlackElo "2459"]
[PlyCount "142"]
[EventDate "1999.??.??"]

1. d4 e6 2. c4 Nf6 3. Nc3 d5 4. Bg5 dxc4 5. e4 c5 6. dxc5 Qxd1+ 7. Rxd1 Bxc5 8.
Bxf6 gxf6 9. Bxc4 Nc6 10. Nf3 O-O 11. O-O Ne5 12. Nxe5 fxe5 13. Rd2 Kg7 14. Rc1
Rg8 15. Nb5 a6 16. Nc7 Ra7 17. Rc3 Rf8 18. Bxe6 Bb4 19. Rg3+ Kh8 20. Bxc8 Bxd2
21. Bf5 Rd8 22. Nd5 a5 23. Rd3 Bg5 24. Kf1 b5 25. Ke2 Bc1 26. Rc3 Bh6 27. Rc6
Bg7 28. Rb6 b4 29. g4 Bf8 30. g5 Bd6 31. Rb5 Rg8 32. h4 Rb8 33. Rxb8+ Bxb8 34.
h5 Rb7 35. b3 Bd6 36. Nf6 Rc7 37. Kd2 Rc3 38. Nd5 Rc6 39. Nf6 Rc3 40. Nd5 Rc6
41. Nf6 h6 42. gxh6 Bf8 43. Ng4 Bxh6+ 44. Nxh6 Rxh6 45. Bg4 Rd6+ 46. Ke3 Rc6
47. Kd2 Kg7 48. Bf5 Kh6 49. Bg4 Kg5 50. f3 Kf4 51. Kd3 Rc1 52. Bf5 Ra1 53. h6
Kxf3 54. Kc4 Rh1 55. h7 Ke3 56. Kd5 Rh6 57. Kxe5 Ke2 58. Kf4 f6 59. Bg6 a4 60.
bxa4 Kd2 61. Kf5 Rh3 62. Kxf6 Kc2 63. Kg5 b3 64. axb3 Kb1 65. Bh5 Rxb3 66. h8=Q
Rg3+ 67. Bg4 Rd3 68. Qh3 Rd8 69. Qb3+ Kc1 70. Qe3+ Kc2 71. Qc5+ 71... Kd3 {
Hossa resigns} 1-0

[Event "ICS rated blitz match"]
[Site "204.178.125.65"]
[Date "1999.10.26"]
[Round "?"]
[White "Hossa"]
[Black "PostModernist"]
[Result "0-1"]
[WhiteElo "2449"]
[BlackElo "2532"]
[PlyCount "149"]
[EventDate "1999.??.??"]

1. e4 c5 2. Nf3 e6 3. d4 cxd4 4. Nxd4 Nc6 5. Nb5 d6 6. Bf4 e5 7. Bg5 f6 8. Be3
a6 9. N5c3 Nge7 10. Na4 Be6 11. Nb6 Rb8 12. Nc3 Nc8 13. Bc4 Bxc4 14. Nxc4 b5
15. Nd2 Be7 16. Nb3 Nb6 17. Bxb6 Rxb6 18. Nd5 Rb8 19. a4 b4 20. Qe2 a5 21. O-O
Qd7 22. Qh5+ Kf8 23. Rfd1 Qe6 24. Rac1 Bd8 25. Qf3 Kf7 26. Qe2 Re8 27. Qh5+ Kg8
28. Rd3 Qf7 29. Qxf7+ Kxf7 30. Rcd1 Re6 31. R1d2 g6 32. g4 h6 33. Rh3 Kg7 34.
Kg2 Ra8 35. Rhd3 Ra6 36. h4 Ne7 37. Nxe7 Bxe7 38. Rd5 Bd8 39. h5 gxh5 40. gxh5
Kf8 41. Kg3 Bc7 42. Rb5 Re8 43. Kf3 Rc8 44. Rb7 Rc6 45. Ke2 Ke8 46. Kd1 Rc4 47.
f3 f5 48. Re2 fxe4 49. Rxe4 Rxe4 50. fxe4 Kd7 51. Rb5 Ra8 52. Kd2 Ke6 53. Rb7
Kd7 54. Kd3 Ra6 55. Rb5 Ke6 56. Rc5 Ra7 57. Rc6 Kd7 58. Rc4 Ra8 59. Nc1 Rg8 60.
Ne2 Rg5 61. c3 b3 62. Nc1 Rg3+ 63. Kd2 Rg2+ 64. Ne2 Rh2 65. Ke1 Bb6 66. Kf1
Rh1+ 67. Kg2 Rb1 68. Kg3 Rxb2 69. Nd4 exd4 70. e5 Rc2 71. Kg4 Rxc3 72. Rb4 axb4
73. Kf5 b2 74. e6+ Ke7 75. Kg6 {Hossa resigns} 0-1

[Event "ICS rated blitz match"]
[Site "204.178.125.65"]
[Date "1999.10.26"]
[Round "?"]
[White "MissSilicon"]
[Black "Hossa"]
[Result "1-0"]
[WhiteElo "2607"]
[BlackElo "2437"]
[PlyCount "82"]
[EventDate "1999.??.??"]

1. e4 e5 2. Nf3 Nf6 3. d4 exd4 4. e5 Ne4 5. Qxd4 d5 6. exd6 Nxd6 7. Nc3 Nc6 8.
Qf4 g6 9. Bd3 Bg7 10. Be3 O-O 11. O-O Re8 12. Rad1 Be6 13. Bb5 Bd7 14. Bc5 Bxc3
15. Bxd6 Bxb2 16. Bxc7 Qc8 17. Ng5 Bf5 18. Bc4 Re7 19. Bd6 Rd7 20. c3 Qe8 21.
g4 Be6 22. Nxe6 fxe6 23. Qf6 h6 24. Bxe6+ Kh7 25. Bxd7 Qxd7 26. Rd2 Qxg4+ 27.
Bg3 Ba3 28. Rb1 Qe4 29. Rxb7+ Be7 30. Rdd7 Qe1+ 31. Kg2 Qe4+ 32. f3 Qe2+ 33.
Bf2 Rg8 34. Rxe7+ Nxe7 35. Rxe7+ Qxe7 36. Qxe7+ Rg7 37. Qe6 h5 38. Bd4 Rb7 39.
Qe8 Rg7 40. Qf8 Rg8 41. Qf7+ 41... Kh6 {Hossa resigns} 1-0